书目信息 |
| 题名: |
聚氯乙烯生产与操作
|
|
| 作者: | 张艳君 , 王林 主编 | |
| 分册: | ||
| 出版信息: | 北京 化学工业出版社 2015.10 |
|
| 页数: | 211页 | |
| 开本: | 26cm | |
| 丛书名: | ||
| 单 册: | ||
| 中图分类: | TQ325.3 | |
| 科图分类: | ||
| 主题词: | 聚氯乙烯--生产工艺--高等职业教育--教材 , 聚氯乙烯 | |
| 电子资源: | ||
| ISBN: | 978-7-122-18350-7 | |
| 000 | 00914nam0 2200265 450 | |
| 001 | 0400003860 | |
| 005 | 20171022152622.0 | |
| 010 | @a978-7-122-18350-7@dCNY34.00 | |
| 100 | @a20140429d2015 em y0chiy50 ea | |
| 101 | 0 | @achi |
| 102 | @aCN@b110000 | |
| 105 | @aa z 000yy | |
| 106 | @ar | |
| 200 | 1 | @a聚氯乙烯生产与操作@9ju lv yi xi sheng chan yu cao zuo@f张艳君,王林主编 |
| 210 | @a北京@c化学工业出版社@d2015.10 | |
| 215 | @a211页@c图@d26cm | |
| 300 | @a高职高专“十二五”规划教材 中央财政重点支持建设专业校企合作系列教材 | |
| 330 | @a本书共分为乙炔气的生产、氯化氢的生产、电石乙炔法生产氯乙烯、乙烯平衡氧氯化法生产氯乙烯、聚氯乙烯的生产五个情境。 | |
| 606 | 0 | @a聚氯乙烯@x生产工艺@x高等职业教育@j教材 |
| 606 | 0 | @a聚氯乙烯 |
| 690 | @aTQ325.3@v5 | |
| 701 | 0 | @a张艳君@9zhang yan jun@4主编 |
| 701 | 0 | @a王林@9wang lin@4主编 |
| 801 | 0 | @aCN@bNLC@c20171022 |
| 905 | @b1034476-80@dTQ325.3@f5@e77 | |
| 聚氯乙烯生产与操作/张艳君,王林主编.-北京:化学工业出版社,2015.10 |
| 211页:图;26cm |
| 高职高专“十二五”规划教材 中央财政重点支持建设专业校企合作系列教材 |
| ISBN 978-7-122-18350-7:CNY34.00 |
| 本书共分为乙炔气的生产、氯化氢的生产、电石乙炔法生产氯乙烯、乙烯平衡氧氯化法生产氯乙烯、聚氯乙烯的生产五个情境。 |
| ● |
| 相关链接 |
|
|
|
|
正题名:聚氯乙烯生产与操作
索取号:TQ325.3/77
 
预约/预借
| 序号 | 登录号 | 条形码 | 馆藏地/架位号 | 状态 | 备注 |
| 1 | 1034476 | 210344769 | 第二样本阅览室/ [索取号:TQ325.3/77] | 在馆 | |
| 2 | 1034477 | 210344778 | 密集书库-化学系/ [索取号:TQ325.3/77] | 在馆 | |
| 3 | 1034478 | 210344787 | 第三借阅区/ [索取号:TQ325.3/77] | 在馆 | |
| 4 | 1034479 | 210344796 | 第三借阅区/ [索取号:TQ325.3/77] | 在馆 | |
| 5 | 1034480 | 210344803 | 第三借阅区/ [索取号:TQ325.3/77] | 在馆 |